000
00297nam a22001337a 4500
008
181031b xxu||||| |||| 00| 0 eng d
020
_a
400708440038
041
_a
eng
080
_a
910
100
_a
45
101
_a
GEO
245
_a
Intrenational Geographic Atlas
_c
Rand.M
942
_2
udc
_c
BK
999
_c
51290
_d
51290